1690 1929 1880 1632 1344 1142 1298 1632 1612 1853 1647 1974 1667 1449 1093 1698 1193 1135 1191 1087 1365 1945 1548 1550 1324 1406 1098 1163 1258 1220 1368 1134 1544 1635 1036 1271 1953 1065 1792 1660 1017 1086 1445 1882 1863 1054 1019 1792 1458 1298 1148 1897 1785 1600 1577 1692 1326 1711 1028 1474 1695 1120 1718 1276 1338 1671 1143 1586 1529 1504 1446 1701 1976 1543 1005 1894 1546 1413 1926 1440 1265 1750 1679 1336 1521 1314 1037 1739 1428 1015 1299 1133 1924 1108 1236 1113 1661 1910 1198 BCNSPRNW ULIB Ver.6.0+V

เปลี่ยนเป็นภาษาไทย

Change to English
 แสดงรายละเอียดบรรณานุกรม
  กลับหน้าหลัก

Brief Record : Get Marc (ISO 2709) : E-mail record : QR code < ปิดหน้าต่าง
LEADER : 00000nam 2200000uu 4500
001    13399124867
003     ULIB
008    160421s2556||||th 000 0 tha d
020    ^a9789746728423
060  4 ^aWB115^bบ48ภ ล.1
100    ^aบุษยามาส ชีวสกุลยง
245    ^aภาวะฉุกเฉินทางอายุรศาสตร์ เล่ม 1/^cบุษยามาส ชีวสกุลยง
250    ^aพิมพ์ครั้งที่ 1
260    ^aเชียงใหม่ :^bภาควิชาอายุรศาสตร์ คณะแพทยศาสตร์ ม.เชียงใหม่,^c2556
300    ^a427 หน้า
650    ^aภาวะฉุกเฉินทางอายุรศาสตร์
700    ^aชัยยุทธ เจริญธรรม
945    ^p350^l0^i23391
945    ^p350^l0^i23392
945    ^p350^l0^i23393
945    ^p350^l0^i23394
945    ^p350^l0^i23395
999    ^aทศพร เกษรทอง
รายการนี้ยังไม่มีแท็ก
คุณยังไม่ได้ล็อกอิน คุณสามารถมีกิจกรรมร่วมกับเว็บไซต์ได้ แต่ต้องล็อกอินก่อน ::
  ล็อกอิน

รายการสื่อสารสนเทศ

ลำดับที่ ประเภท เลขเรียก/บาร์โค้ด สถานที่ สถานะ
1. วิทยาศาสตร์การแพทย์ และสุขภาพ
วิทยาศาสตร์การแพทย์ และสุขภาพ
สถานะ=หนังสือเก่า
WB115 บ48ภ ล.1 ฉ.1 
  Barcode: 23391
ห้องสมุดวิทยาเขตนครสวรรค์
►ส่วนจัดเก็บหนังสือเก่า นว.
บนชั้น
  ขอยืม
2. วิทยาศาสตร์การแพทย์ และสุขภาพ
วิทยาศาสตร์การแพทย์ และสุขภาพ
สถานะ=หนังสือเก่า
WB115 บ48ภ ล.1 ฉ.2 
  Barcode: 23392
ห้องสมุดวิทยาเขตนครสวรรค์
►ส่วนจัดเก็บหนังสือเก่า นว.
บนชั้น
  ขอยืม
3. วิทยาศาสตร์การแพทย์ และสุขภาพ
วิทยาศาสตร์การแพทย์ และสุขภาพ
สถานะ=หนังสือเก่า
WB115 บ48ภ ล.1 ฉ.3 
  Barcode: 23393
ห้องสมุดวิทยาเขตนครสวรรค์
►ส่วนจัดเก็บหนังสือเก่า นว.
บนชั้น
  ขอยืม
4. วิทยาศาสตร์การแพทย์ และสุขภาพ
วิทยาศาสตร์การแพทย์ และสุขภาพ
สถานะ=หนังสือเก่า
WB115 บ48ภ ล.1 ฉ.4 
  Barcode: 23394
ห้องสมุดวิทยาเขตนครสวรรค์
►ส่วนจัดเก็บหนังสือเก่า นว.
บนชั้น
  ขอยืม
5. วิทยาศาสตร์การแพทย์ และสุขภาพ
วิทยาศาสตร์การแพทย์ และสุขภาพ
สถานะ=หนังสือเก่า
WB115 บ48ภ ล.1 ฉ.5 
  Barcode: 23395
ห้องสมุดวิทยาเขตนครสวรรค์
►ส่วนจัดเก็บหนังสือเก่า นว.
บนชั้น
  ขอยืม

รายการใกล้เคียง
    ผู้แต่ง [บุษยามาส ชีวสกุลยง]

    หัวเรื่อง [ภาวะฉุกเฉินทางอายุรศาสตร์]

BibComment


ยังไม่เคยถูกคอมเมนท์

คอมเมนท์ทรัพยากรรายการนี้
  คอมเมนท์: ภาวะฉุกเฉินทางอา..


 Copyright 2026. Bcnsprnw @Library